Apología de los palos dados al Excmo. Sr. D. Lorenzo Calvo por el Teniente-Coronel D. Joaquín de Osma / (Record no. 54860)
[ view plain ]
| 000 -LEADER | |
|---|---|
| campo de control de longitud fija | 01360nam a22002895i 4500 |
| 001 - NÚMERO DE CONTROL | |
| campo de control | 54860 |
| 003 - IDENTIFICADOR DE NÚMERO DE CONTROL | |
| campo de control | ES-MaACL |
| 005 - FECHA Y HORA DE LA ÚLTIMA TRANSACCIÓN | |
| campo de control | 20250927063035.0 |
| 007 - CAMPO FIJO DE DESCRIPCIÓN FÍSICA--INFORMACIÓN GENERAL | |
| campo de control de longitud fija | t| |
| 008 - DATOS DE LONGITUD FIJA--INFORMACIÓN GENERAL | |
| campo de control de longitud fija | 950921s1811 sp ||||1| spa d |
| 040 ## - FUENTE DE CATALOGACIÓN | |
| Centro catalogador/agencia de origen | CAM |
| Lengua de catalogación | spa |
| Centro/agencia transcriptor | CAM |
| 100 1# - ENTRADA PRINCIPAL--NOMBRE DE PERSONA | |
| Nombre de persona | Gallardo, Bartolomé José, |
| Fechas asociadas al nombre | 1776-1852 |
| 9 (RLIN) | 53478 |
| 245 10 - MENCIÓN DEL TÍTULO | |
| Título | Apología de los palos dados al Excmo. Sr. D. Lorenzo Calvo por el Teniente-Coronel D. Joaquín de Osma / |
| Mención de responsabilidad, etc. | publícala en obsequio de las Armas y las Letras el Licenciado Palomeque, pretendiente de varas y soldado voluntario (porque Dios quiere). |
| 250 ## - MENCION DE EDICION | |
| Mención de edición | Ultima ed./ con notas del Dr. Encina. |
| 260 ## - PUBLICACIÓN, DISTRIBUCIÓN, ETC. | |
| Lugar de publicación, distribución, etc. | [S.l. : |
| Nombre del editor, distribuidor, etc. | s.n.], |
| Fecha de publicación, distribución, etc. | 1811 ( |
| Fabricante | Manuel Santiago de Quintana) |
| 300 ## - DESCRIPCIÓN FÍSICA | |
| Extensión | 24, [2] p. ; |
| Dimensiones | 21 cm. |
| 530 ## - NOTA DISPONIBLE DE FORMULARIO FÍSICO ADICIONAL | |
| Nota de formato físico adicional disponible | Disponible en formato digital. |
| 593 ## - | |
| -- | Pseudónimo de Bartolomé José Gallardo. |
| 594 ## - Nota al título y mención de responsabilidad | |
| Nota al título y mención de responsabilidad | El "licenciado Palomeque" es seudónimo de Bartolomé José Gallardo. |
| 600 04 - PUNTO DE ACCESO ADICIONAL DE MATERIA--NOMBRE DE PERSONA | |
| Nombre de persona | Calvo, Lorenzo. |
| 9 (RLIN) | 33853 |
| 600 04 - PUNTO DE ACCESO ADICIONAL DE MATERIA--NOMBRE DE PERSONA | |
| Nombre de persona | Osma, Joaquín de. |
| 9 (RLIN) | 87758 |
| 651 #4 - PUNTO DE ACCESO ADICIONAL DE MATERIA--NOMBRE GEOGRÁFICO | |
| Nombre geográfico | España- |
| Subdivisión general | Historia- |
| Subdivisión cronológica | 1808-1814, Guerra de la Independencia |
| 9 (RLIN) | 8244 |
| 700 0# - ENTRADA AGREGADA--NOMBRE PERSONAL | |
| Nombre de persona | Encina |
| Títulos y otros términos asociados al nombre | , Dr. |
| 9 (RLIN) | 47174 |
| 852 ## - LOCALIZACIÓN | |
| Ubicación | ES-MaACL |
| Número de control de estantería | R-3318(22) |
| Nota libre | - Enc. en un vol. facticio con otras obras formando "Miscelanea patriotica" |
| 856 ## - LOCALIZACIÓN Y ACCESO ELECTRÓNICOS | |
| Identificador Uniforme de Recursos | <a href="http://bdh-rd.bne.es/viewer.vm?id=0000168925&page=1 ">http://bdh-rd.bne.es/viewer.vm?id=0000168925&page=1 </a> |
| Nota pública | Biblioteca Digital Hispánica |
| Estatus retirado | Estado de pérdida | Estado de daño | No para préstamo | Colección | Biblioteca de origen | Biblioteca actual | Ubicación en estantería | Fecha de adquisición | Fuente de adquisición | Total de préstamos | Signatura topográfica completa | Código de barras | Visto por última vez | Precio de reemplazo | Tipo de ítem Koha |
|---|---|---|---|---|---|---|---|---|---|---|---|---|---|---|---|
| Colección digital | Biblioteca del Ateneo de Madrid | Biblioteca del Ateneo de Madrid | Depósito | 17/01/2008 | R-3318(22) | 1057648 | 23/02/2023 | 23/02/2023 | Libro impreso antiguo |
